Gregg shorthand dictionary

Αποθηκεύτηκε σε:
Λεπτομέρειες βιβλιογραφικής εγγραφής
Κύριος συγγραφέας: Gregg, John Robert
Μορφή: Βιβλίο
Γλώσσα:English
Δημοσίευση: London : The Gregg Publishing Company, c1930
Θέματα:
Ετικέτες: Προσθήκη ετικέτας
Δεν υπάρχουν, Καταχωρήστε ετικέτα πρώτοι!

MARC

LEADER 00000nam a2200000 i 4500
001 1/71194
008 990302s1930 eng d
035 |l 10048266 
040 |a GR-MY-UA  |b gre  |e aacr 
041 0 |a eng 
082 0 |a 653.42703 
100 1 |a Gregg, John Robert. 
245 1 0 |a Gregg shorthand dictionary /  |c John Robert Gregg 
260 |a London :   |b The Gregg Publishing Company,   |c c1930 
300 |a xii, 260 p. 
650 0 0 |a Shorthand  |x Gregg  |x Dictionaries. 
852 |a INST  |b CHIOS  |e 19990302  |h 653.42703 GRE  |p 005200014712  |q 005200014712  |t BK  |y 0 
901 |a BIBL-1999-1 
909 |a Χ  |b 055458 
922 |a 2ΔΩΡ  |b 199903  |d ΛΕΜΟΝΙΑ